ბათუმის შოთა რუსთაველის სახელმწიფო უნივერსიტეტის ბიბლიოთეკა

Диалектика эллинистического периода / (ბიბ.ჩანაწერი № 61147)

000 -LEADER
fixed length control field 00689nam a22001817a 4500
005 - DATE AND TIME OF LATEST TRANSACTION
control field 20231225140034.0
008 - FIXED-LENGTH DATA ELEMENTS--GENERAL INFORMATION
fixed length control field 231225s1979 ru ||||| |||| 00| 0 rus d
041 ## - LANGUAGE CODE
Language code of text/sound track or separate title rus
080 ## - UNIVERSAL DECIMAL CLASSIFICATION NUMBER
Universal Decimal Classification number 930.1+1(38) Д-42
100 ## - MAIN ENTRY--PERSONAL NAME
Personal name Джохадзе, Д.
9 (RLIN) 20865
245 ## - TITLE STATEMENT
Title Диалектика эллинистического периода /
Statement of responsibility, etc. Д. В. Джохадзе.
264 ## - PRODUCTION, PUBLICATION, DISTRIBUTION, MANUFACTURE, AND COPYRIGHT NOTICE
Place of production, publication, distribution, manufacture М. :
Name of producer, publisher, distributor, manufacturer Высш. школа,
Date of production, publication, distribution, manufacture, or copyright notice 1979.
300 ## - PHYSICAL DESCRIPTION
Extent 127 с. ;
Other physical details 20 см.
653 ## - INDEX TERM--UNCONTROLLED
keyword ისტორიის ფილოსოფია
653 ## - INDEX TERM--UNCONTROLLED
keyword დიალექტიკური ლოგიკა
653 ## - INDEX TERM--UNCONTROLLED
keyword ბერძნული ფილოსოფია
942 ## - ADDED ENTRY ELEMENTS (KOHA)
Source of classification or shelving scheme
Koha item type წიგნი
ეგზემპლარები
Withdrawn status Lost status Source of classification or shelving scheme Damaged status Not for loan Permanent Location Current Location Shelving location Date acquired Cost, normal purchase price Full call number Barcode Date last seen Copy number Uniform Resource Identifier Price effective from Koha item type Public note
          ბათუმის შოთა რუსთაველის სახელმწიფო უნივერსიტეტის მთავარი ბიბლიოთეკა ბათუმის შოთა რუსთაველის სახელმწიფო უნივერსიტეტის მთავარი ბიბლიოთეკა წიგნსაცავი 2023-12-25 4.00 930.1+1(38) Д-42 65670 2023-12-25 65670 ბსუ-ს საპატიო დოქტორის გურამ ლორთქიფანიძის საჩუქარი 2023-12-25 წიგნი 4 ლ.